000 00988nam a2200265 a 4500
001
003 DO-SdBNP
005 20231006102959.0
008 100201s2008 xx 000 0 spa d
040 _aDO-SdBNP
_bspa
_cBPMSU
082 4 _a362.74098
_bJ97r 2008
_222
245 0 4 _a Juventud en riesgo en América Latina y el Caribe :
_bentendiendo las causas, realizando su potencial /
_cWendy Cunningham ... [et al.]
260 _aWashington :
_bBanco Mundial ,
_c2008
_b
_b
_b
300 _a29 p. ;
_c23 cm.
490 0 _aDirections in development. Human development
500 _a Resumen de libro
590 _6Inventariado, 2023/VM
650 4 _aJóvenes con discapacidades sociales
_zAmérica Latina.
_v
650 4 _aServicios para jóvenes desaptados socialmente
_zCaribe (Región)
_v .
650 4 _aViolencia
_xPrevención
_zCaribe (Región)
700 1 _aCunningham, Wendy V.
710 2 _aBanco Mundial
910 _aVMateo V. Control de calidad. BPMSU
942 _2ddc
_cBK
999 _c14471
_d14471